logo

Bir Sreshtho Munshi Abdur Rouf Library
Jhenaidah Cadet College

Clastic particles : (Record no. 5619)

MARC details
000 -LEADER
fixed length control field 00837cam a2200265 a 4500
001 - CONTROL NUMBER
JCCL Control Number 5619
003 - CONTROL NUMBER IDENTIFIER
JCCL marc code BD-JhCC
005 - DATE AND TIME OF LATEST TRANSACTION
control field 20171219083407.0
008 - FIXED-LENGTH DATA ELEMENTS--GENERAL INFORMATION
fixed length control field 860404s1987 nyua b 001 0 eng
020 ## - INTERNATIONAL STANDARD BOOK NUMBER
International Standard Book Number 0442260709
035 ## - SYSTEM CONTROL NUMBER
system control number (BD-JhCC)5619
040 ## - CATALOGING SOURCE
Original cataloging agency DLC
Transcribing agency DLC
Modifying agency DLC
041 ## - LANGUAGE CODE
Language code of Book eng
050 00 - LIBRARY OF CONGRESS CALL NUMBER
Classification number QE471.2
Item number .C57 1987
082 00 - DEWEY DECIMAL CLASSIFICATION NUMBER
Classification number 551.3/04
DDC Edition number 19
Author mark and Year MAR 1987
245 00 - TITLE STATEMENT
Title Clastic particles :
Remainder of title scanning electron microscopy and shape analysis of sedimentary and volcanic clasts /
Statement of responsibility, etc edited by John R. Marshall.
260 ## - PUBLICATION, DISTRIBUTION, ETC. (IMPRINT)
Place of publication, distribution, etc New York :
Name of publisher, distributor, etc Van Nostrand Reinhold Co.,
Date of publication, distribution, etc c1987.
300 ## - PHYSICAL DESCRIPTION
Pagination xii, 346 p. :
Other physical details ill. ;
Dimensions 27 cm.
504 ## - BIBLIOGRAPHY, ETC. NOTE
Bibliography, etc Includes bibliographies and index.
650 #0 - SUBJECT ADDED ENTRY--TOPICAL TERM
Topical term or geographic name as entry element Sediments (Geology)
General subdivision Analysis.
650 #0 - SUBJECT ADDED ENTRY--TOPICAL TERM
Topical term or geographic name as entry element Scanning electron microscopy.
700 1# - ADDED ENTRY--PERSONAL NAME
Personal name Marshall, John R.
942 ## - ADDED ENTRY ELEMENTS (KOHA)
Source of classification or shelving scheme Dewey Decimal Classification
Koha item type Books
Holdings
Source of classification or shelving scheme Damaged status Not for loan Home library Current library Shelving location Total Checkouts Full call number Barcode Date last seen Copy number Koha item type
Dewey Decimal Classification     JCC Rouf Library JCC Rouf Library General Stacks   551.3/04 MAR 1987 7807 12/19/2017 C - 1 Books

JCC Library | Contacts | JCC Home

Last Update on 23 September 2017
Copyright @ 2017-2020 JCC Rouf Library
Rouf Library, Jhenidah Cadet College (JCC), Bangladesh